Η διαμόρφωση και η εξέλιξη της κινηματογραφικής κριτικής και θεωρίας στην Ελλάδα (1950-1981) : διδακτορική διατριβή
Αποθηκεύτηκε σε:
| Κύριος συγγραφέας: | |
|---|---|
| Συγγραφή απο Οργανισμό/Αρχή: | |
| Μορφή: | Thesis Βιβλίο |
| Γλώσσα: | Greek |
| Δημοσίευση: |
2009
|
| Θέματα: | |
| Διαθέσιμο Online: | http://hdl.handle.net/11610/11168 |
| Ετικέτες: |
Προσθήκη ετικέτας
Δεν υπάρχουν, Καταχωρήστε ετικέτα πρώτοι!
|
MARC
| LEADER | 00000cam a2200000 i 4500 | ||
|---|---|---|---|
| 001 | 1/10034 | ||
| 008 | 100825s2009 gre d | ||
| 035 | |l 10108862 | ||
| 040 | |a GR-MY-UA |b gre |e aacr | ||
| 041 | 0 | |a gre | |
| 082 | 0 | |a 791.43 |2 (22) | |
| 100 | 1 | |a Ντελλής, Αχιλλέας. | |
| 245 | 1 | 2 | |a Η διαμόρφωση και η εξέλιξη της κινηματογραφικής κριτικής και θεωρίας στην Ελλάδα (1950-1981) : |b διδακτορική διατριβή / |c Αχιλλέας Ντελλής |
| 260 | |c 2009 | ||
| 300 | |a 329 σ.; |c 30 εκ. | ||
| 502 | # | # | |a Διατριβή (διδακτορική) – Πανεπιστήμιο Αιγαίου, Λέσβος, 2009. |
| 504 | |a Βιβλιογραφία: σ. 291-329 | ||
| 650 | 0 | 0 | |a Motion pictures |z Greece. |
| 650 | 0 | 0 | |a Motion pictures |x History and criticism. |
| 650 | 0 | 0 | |a Motion pictures |x Philosophy. |
| 650 | 0 | 0 | |a Dissertations, Academic |z Greece. |
| 710 | 2 | |a Πανεπιστήμιο Αιγαίου. |b Σχολή Κοινωνικών Επιστημών. |b Τμήμα Πολιτισμικής Τεχνολογίας και Επικοινωνίας. | |
| 852 | |a INST |b LESVOS |c DIATR |e 20100825 |h 294 |p 005100048471 |q 005100048471 |t PHD |y 23 | ||
| 852 | |a INST |b LESVOS |c DIATR |e 20100825 |h 295 |p 005100048472 |q 005100048472 |t PHD |y 23 | ||
| 856 | |u http://hdl.handle.net/11610/11168 | ||
| 901 | |a BIBL1-2010-2 | ||
| 909 | |a Λ |b 166476 | ||
| 909 | |a Λ |b 166477 | ||
| 924 | |a ΝΤΕΛΛΗΣ |b ΑΧΙΛΛΕΑΣ |y ΛΕΣΒΟΣ |z 2010-02 | ||
| 970 | |a ΤΖΑΦΕΡΗ |b ΕΥΑΓΓΕΛΙΑ |z 2010/08/25 | ||